[Event "Mumbai SMCA op 1st"]
[Site "Mumbai"]
[Date "2024.10.12"]
[Round "3"]
[White "Mishra, Sanjeev"]
[Black "Hridaan, A Shah"]
[Result "1-0"]
[WhiteElo "1885"]
[BlackElo "1589"]
[PlyCount "93"]
[EventDate "2024.10.11"]
[EventType "swiss"]
[EventRounds "8"]
[EventCountry "IND"]
[SourceTitle "CB43_2024"]
[Source "Chessbase"]
[SourceDate "2024.10.23"]
[SourceVersion "1"]
[SourceVersionDate "2024.10.23"]
[SourceQuality "1"]

1. d4 d5 2. Nf3 Nf6 3. g3 Bf5 4. Bg2 e6 5. c4 c6 6. 0-0 Nbd7 7. Nc3 h6 8. Nd2 Bb4 9. Qb3 Bxc3 10. bxc3 dxc4 11. Nxc4 Nb6 12. Ba3 Nxc4 13. Qxc4 Ne4 14. Qb4 Rb8 15. Rac1 a5 16. Qb2 Nd6 17. c4 f6 18. f3 Kf7 19. e4 Bg6 20. Qd2 Qd7 21. Bh3 Qc7 22. d5 exd5 23. cxd5 Rhd8 24. Be6+ Kf8 25. Qf4 Bf7 26. e5 fxe5 27. Qxe5 Bxe6 28. dxe6 b5 29. Bc5 Kg8 30. e7 Rd7 31. Bxd6 Qxd6 32. e8Q+ Rxe8 33. Qxe8+ Kh7 34. Qe4+ Kg8 35. Rxc6 Qb8 36. Qe6+ Rf7 37. Rc8+ Qxc8 38. Qxc8+ Kh7 39. Qc2+ Kg8 40. Rd1 Rf8 41. Qg6 Kh8 42. Rd7 Rg8 43. f4 b4 44. f5 b3 45. f6 bxa2 46. fxg7+ Rxg7 47. Qxg7# 1-0

[Event "Mumbai Wealth op 6th"]
[Site "Mumbai"]
[Date "2022.01.07"]
[Round "9"]
[White "Bharadia, Yash"]
[Black "Mishra, Sanjeev"]
[Result "1/2-1/2"]
[WhiteElo "1675"]
[BlackElo "1605"]
[PlyCount "137"]
[EventDate "2021.12.30"]
[EventType "swiss"]
[EventRounds "9"]
[EventCountry "IND"]
[SourceTitle "EXT 2023"]
[Source "ChessBase"]
[SourceDate "2022.10.05"]
[SourceVersion "1"]
[SourceVersionDate "2022.10.05"]
[SourceQuality "1"]

1. e4 e5 2. Nf3 Nc6 3. Bb5 Nf6 4. 0-0 Bc5 5. c3 0-0 6. d4 Bb6 7. Re1 d6 8. h3 h6 9. a4 a6 10. Bf1 Re8 11. d5 Ne7 12. Be3 Bxe3 13. Rxe3 c6 14. c4 Bd7 15. dxc6 Bxc6 16. Nc3 Ng6 17. g3 a5 18. Bg2 Nf8 19. Qd2 Ne6 20. Rd1 Re7 21. Rd3 Nxe4 22. Nxe4 Bxe4 23. Rxd6 Qe8 24. b3 Bxf3 25. Bxf3 Nd4 26. Qc3 Qc8 27. Kg2 Qc7 28. Rd5 Ra6 29. Re1 g6 30. Bd1 Kh7 31. h4 h5 32. f4 f6 33. fxe5 fxe5 34. Qe3 Rae6 35. Qe4 Kg7 36. Rf1 Qc6 37. g4 hxg4 38. Bxg4 Rf6 39. Rxf6 Qxf6 40. Rd7 Rxd7 41. Bxd7 b6 42. Qe3 Qd6 43. Bg4 Qc6+ 44. Kh2 Qf6 45. Kg2 Kh7 46. h5 gxh5 47. Bxh5 Nf5 48. Qh3 Qg5+ 49. Kf2 Qf4+ 50. Qf3 Qh2+ 51. Ke1 Qh4+ 52. Kd1 Qd4+ 53. Kc1 Qa1+ 54. Kd2 Qb2+ 55. Kd1 Qd4+ 56. Kc1 Qg1+ 57. Kb2 Qh2+ 58. Ka3 Qc2 59. Qd1 Qf2 60. Qg4 Qc5+ 61. Ka2 Qf2+ 62. Ka3 Qc5+ 63. Ka2 Ne7 64. Qh4 Qd6 65. Bf3+ Kg7 66. Qg5+ Kf8 67. Be4 Ke8 68. Qg7 Kd7 69. Qg5 1/2-1/2

[Event "Mumbai Chess Capital op"]
[Site "Mumbai"]
[Date "2019.06.29"]
[Round "1"]
[White "Bhadricha, Shiv Chetan"]
[Black "Mishra, Sanjeev"]
[Result "0-1"]
[WhiteElo "1053"]
[BlackElo "1663"]
[PlyCount "78"]
[EventDate "2019.06.29"]
[EventType "swiss"]
[EventRounds "7"]
[EventCountry "IND"]
[SourceTitle "CBM 191 Extra"]
[Source "ChessBase"]
[SourceDate "2019.09.30"]
[SourceVersion "1"]
[SourceVersionDate "2019.09.30"]
[SourceQuality "1"]

1. e4 c5 2. Nf3 Nc6 3. d4 cxd4 4. Nxd4 Nf6 5. Nc3 e5 6. Ndb5 d6 7. Nd5 Nxd5 8. exd5 Ne7 9. c4 Ng6 10. Be2 a6 11. Nc3 Be7 12. 0-0 0-0 13. f4 exf4 14. Bxf4 Qb6+ 15. Kh1 Nxf4 16. Rxf4 Qxb2 17. Na4 Qe5 18. Rf1 Bf6 19. Rc1 Bg5 20. Nb6 Bxc1 21. Nxa8 Be3 22. Qb3 Bc5 23. Bd3 Qe3 24. Qb1 g6 25. Re1 Qd4 26. Nc7 Bd7 27. Re7 Rd8 28. Qf1 Qf2 29. a4 Qxf1+ 30. Bxf1 Kf8 31. Re1 Rc8 32. Ne6+ fxe6 33. dxe6 Bxa4 34. Bd3 Ke7 35. Be4 b5 36. Bb7 Rf8 37. Bxa6 b4 38. h3 b3 39. Rb1 Rf2 0-1